|
|
|
|
| LEADER |
00000nab a2200000uu 4500 |
| 001 |
vtls011450869 |
| 003 |
SK-MaSNL |
| 005 |
20260303151330.0 |
| 008 |
230222|2010 xo |||||||||||||||||eng| |
| 015 |
|
|
|a SNBRB
|
| 035 |
|
|
|a (urnnbn)urn:nbn:sk:snk:ar-006k4r
|
| 035 |
|
|
|a (uuid)df0cf4c8-8db4-4266-9e0d-d4d9bf1f5ca1
|
| 035 |
|
|
|a urn:nbn:sk:snk-abcmyk
|
| 040 |
|
|
|a SNKBUCL
|b slo
|c SNKBUCL
|e AACR2
|
| 041 |
0 |
|
|a eng
|
| 044 |
|
|
|a xo
|c SK
|
| 100 |
1 |
|
|a Skula, Ladislav
|4 aut
|9 979906
|
| 245 |
1 |
0 |
|a REALIZATION AND GCD-EXISTENCE THEOREM FOR GENERALIZED POLYNOMIALS
|c Ladislav Skula
|
| 773 |
0 |
|
|t Mathematica Slovaca
|g Roč. 60, č. 6 (2010), s. [811]-822
|
| 958 |
|
|
|a OND
|
| 958 |
|
|
|a EUIPO
|
| 958 |
|
|
|a article16
|
| 999 |
|
|
|c 2017130
|d 2019060
|